Guayacán
Guardado en:
| Autor principal: | |
|---|---|
| Formato: | Libro |
| Lenguaje: | Undetermined |
| Publicado: |
Guatemala
José de Pineda Ibarra
1967
|
| Edición: | 2 |
| Materias: | |
| Etiquetas: |
Agregar Etiqueta
Sin Etiquetas, Sea el primero en etiquetar este registro!
|
MARC
| LEADER | 00000nam a2200000Ia 4500 | ||
|---|---|---|---|
| 008 | 170316s9999 xx 000 0 und d | ||
| 040 | |a cru BVZT | ||
| 090 | |a 860 R-19g | ||
| 100 | |a Rodríguez Macal, Virgilio | ||
| 245 | |a Guayacán | ||
| 250 | |a 2 | ||
| 260 | |a Guatemala | ||
| 260 | |b José de Pineda Ibarra | ||
| 260 | |c 1967 | ||
| 300 | |a 538 páginas | ||
| 650 | |a LITERATURA LATINOAMERICANA | ||
| 999 | |c 9142 |d 9142 | ||
| 942 | |c 15 D |h 860 R-19g |2 z | ||
